[Event "SRB-ch Semifinal 2022"]
[Site "Paracin"]
[Date "2022.03.21"]
[Round "7.2"]
[White "Radovanovic, Nikola"]
[Black "Djordjevic, Vuk"]
[Result "1/2-1/2"]
[WhiteElo "2413"]
[BlackElo "2382"]
[Annotator "NA"]
[PlyCount "202"]
[EventDate "2022.03.17"]
[EventType "swiss"]
[EventCountry "SRB"]
[SourceTitle "playchess.com"]
[Source "ChessBase"]
[SourceQuality "1"]
[TimeControl "40/5400+30:1800+30"]

1. d4 {[%emt 0:00:19]} Nf6 {[%emt 0:02:22]} 2. c4 {[%emt 0:00:08]} e6 {[%emt 0:00:27]} 3. Nf3 {[%emt 0:00:13]} b6 {[%emt 0:00:47]} 4. g3 {[%emt 0:00:14]} Ba6 {[%emt 0:01:20]} 5. b3 {[%emt 0:00:10]} Bb4+ {[%emt 0:00:59]} 6. Bd2 {[%emt 0:00:17]} Be7 {[%emt 0:00:09]} 7. Bg2 {[%emt 0:00:35]} c6 {[%emt 0:00:18]} 8. O-O {[%emt 0:01:26]} d5 {[%emt 0:00:40]} 9. Ne5 {[%emt 0:01:24]} Nfd7 {[%emt 0:00:29]} 10. Bc3 {[%emt 0:23:52]} Nxe5 {[%emt 0:16:48]} 11. dxe5 {[%emt 0:01:08]} dxc4 {[%emt 0:00:12]} 12. Nd2 {[%emt 0:01:29]} cxb3 {[%emt 0:02:16]} 13. axb3 {[%emt 0:00:36]} Bb5 $11 {[%emt 0:12:35]} 14. Re1 {[%emt 0:14:10]} O-O {[%emt 0:09:58]} 15. Qc2 {[%emt 0:07:56]} Na6 {[%emt 0:10:03]} 16. Ne4 {[%emt 0:15:47]} Nb4 {[%emt 0:05:47]} 17. Bxb4 {[%emt 0:01:00]} Bxb4 {[%emt 0:00:11]} 18. Red1 {[%emt 0:00:25]} Qc7 {[%emt 0:02:11]} 19. Nd6 {[%emt 0:07:47]} Bxd6 {[%emt 0:00:59]} 20. exd6 {[%emt 0:00:57]} Qd7 {[%emt 0:01:35]} 21. b4 {[%emt 0:00:56]} Rac8 {[%emt 0:10:57]} 22. e4 {[%emt 0:02:57]} c5 {[%emt 0:03:43]} 23. Qc3 {[%emt 0:00:46]} cxb4 {[%emt 0:02:34]} 24. Qxb4 {[%emt 0:00:06]} Rc5 {[%emt 0:00:12]} 25. Qb2 {[%emt 0:05:30]} e5 {[%emt 0:04:49]} 26. h4 {[%emt 0:00:20]} Rfc8 {[%emt 0:01:05]} 27. Qa3 {[%emt 0:02:43]} a6 {[%emt 0:02:37]} 28. Qb2 {[%emt 0:04:20]} Qe6 {[%emt 0:02:01]} 29. Rd2 {[%emt 0:01:23]} Rd8 {[%emt 0:01:44]} 30. Rad1 {[%emt 0:00:21]} Qc4 {[%emt 0:01:53]} 31. Rd5 {[%emt 0:01:40]} f6 {[%emt 0:03:14]} 32. R5d2 {[%emt 0:02:46]} Qc3 {[%emt 0:00:21]} 33. Qb1 {[%emt 0:00:21]} Kf8 {[%emt 0:00:34]} 34. Bf1 {[%emt 0:01:08]} Rd7 {[%emt 0:01:05]} 35. Bxb5 {[%emt 0:00:30]} axb5 {[%emt 0:00:10]} 36. Rb2 {[%emt 0:02:14]} Rc6 {[%emt 0:00:30]} 37. Rxb5 {[%emt 0:00:34]} Rcxd6 {[%emt 0:00:19]} 38. Rxd6 {[%emt 0:00:27]} Rxd6 {[%emt 0:00:06]} 39. Rxb6 {[%emt 0:00:30]} Rxb6 {[%emt 0:00:06]} 40. Qxb6 {[%emt 0:00:05]} Qe1+ {[%emt 0:00:17]} 41. Kh2 {[%emt 0:30:36]} Qxe4 {[%emt 0:30:31]} 42. Qd8+ {[%emt 0:00:00]} Kf7 {[%emt 0:00:00]} 43. h5 {[%emt 0:00:00]} Qc6 {[%emt 0:00:00]} 44. g4 {[%emt 0:00:00]} h6 {[%emt 0:00:00]} 45. Kg3 {[%emt 0:00:00]} Qe6 {[%emt 0:00:00]} 46. Qc7+ {[%emt 0:00:00]} Kg8 {[%emt 0:00:00]} 47. Qb8+ {[%emt 0:00:00]} Kh7 {[%emt 0:00:00]} 48. Qb1+ {[%emt 0:00:00]} Kh8 {[%emt 0:00:00]} 49. f3 {[%emt 0:00:00]} Qe8 {[%emt 0:00:00]} 50. Qf5 {[%emt 0:00:00]} Kg8 {[%emt 0:00:00]} 51. Kg2 {[%emt 0:00:00]} Qc6 {[%emt 0:00:00]} 52. Kg3 {[%emt 0:00:00]} Kf8 {[%emt 0:00:00]} 53. Qd3 {[%emt 0:00:00]} Qe8 {[%emt 0:00:00]} 54. Qf5 {[%emt 0:00:00]} Qb8 {[%emt 0:00:00]} 55. Kg2 {[%emt 0:00:00]} Qb2+ {[%emt 0:02:07]} 56. Kg3 {[%emt 0:00:00]} Qb4 {[%emt 0:03:23]} 57. Qc8+ {[%emt 0:00:00]} Kf7 {[%emt 0:00:55]} 58. Qd7+ {[%emt 0:00:08]} Qe7 {[%emt 0:00:14]} 59. Qd5+ {[%emt 0:00:13]} Ke8 {[%emt 0:00:57]} 60. Qa8+ {[%emt 0:00:42]} Qd8 {[%emt 0:00:18]} 61. Qc6+ {[%emt 0:01:57]} Qd7 {[%emt 0:00:25]} 62. Qa8+ {[%emt 0:00:22]} Ke7 {[%emt 0:00:35]} 63. Qa3+ {[%emt 0:00:56]} Ke8 {[%emt 0:02:07]} 64. Qa8+ {[%emt 0:00:12]} Kf7 {[%emt 0:00:08]} 65. Qa2+ {[%emt 0:00:20]} Kf8 {[%emt 0:00:24]} 66. Qa3+ {[%emt 0:01:04]} Qe7 {[%emt 0:00:10]} 67. Qd3 {[%emt 0:00:42]} Qe8 {[%emt 0:00:48]} 68. Qf5 {[%emt 0:01:17]} Qc6 {[%emt 0:00:13]} 69. Qd3 {[%emt 0:00:44]} Qb6 {[%emt 0:02:09]} 70. Qd7 {[%emt 0:02:46]} e4 {[%emt 0:00:42]} 71. fxe4 {[%emt 0:02:39]} Qe3+ {[%emt 0:00:08]} 72. Kh4 {[%emt 0:00:48]} Qxe4 {[%emt 0:00:14]} 73. Qd8+ {[%emt 0:00:26]} Kf7 {[%emt 0:00:05]} 74. Qd7+ {[%emt 0:00:14]} Kg8 {[%emt 0:00:23]} 75. Qc8+ {[%emt 0:00:37]} Kf7 {[%emt 0:00:03]} 76. Qd7+ {[%emt 0:00:07]} Qe7 {[%emt 0:00:32]} 77. Qd5+ {[%emt 0:00:23]} Qe6 {[%emt 0:01:11]} 78. Qb7+ {[%emt 0:00:39]} Kf8 {[%emt 0:01:28]} 79. Qb8+ {[%emt 0:00:35]} Qe8 {[%emt 0:00:17]} 80. Qd6+ {[%emt 0:00:16]} Kg8 {[%emt 0:00:04]} 81. Qd5+ {[%emt 0:00:17]} Kh8 {[%emt 0:01:04]} 82. Qf5 {[%emt 0:01:31]} Qc6 {[%emt 0:00:16]} 83. Kh3 {[%emt 0:00:37]} Qc3+ {[%emt 0:00:24]} 84. Kg2 {[%emt 0:00:14]} Qd2+ {[%emt 0:00:51]} 85. Kh3 {[%emt 0:00:06]} Qe3+ {[%emt 0:00:26]} 86. Kg2 {[%emt 0:00:16]} Kg8 {[%emt 0:00:53]} 87. Qd5+ {[%emt 0:00:47]} Kf8 {[%emt 0:00:08]} 88. Qd8+ {[%emt 0:00:23]} Qe8 {[%emt 0:00:16]} 89. Qd6+ {[%emt 0:00:11]} Qe7 {[%emt 0:00:17]} 90. Qb8+ {[%emt 0:00:18]} Kf7 {[%emt 0:00:05]} 91. Qb3+ {[%emt 0:00:19]} Ke8 {[%emt 0:00:04]} 92. Qb8+ {[%emt 0:00:53]} Qd8 {[%emt 0:00:05]} 93. Qb5+ {[%emt 0:01:08]} Qd7 {[%emt 0:00:00]} 94. Qb8+ {[%emt 0:00:22]} Ke7 {[%emt 0:00:08]} 95. Qb4+ {[%emt 0:00:25]} Qd6 {[%emt 0:00:22]} 96. Qb7+ {[%emt 0:00:14]} Ke6 {[%emt 0:00:27]} 97. Qxg7 {[%emt 0:00:39]} Qd5+ {[%emt 0:02:57]} 98. Kg3 {[%emt 0:00:37]} Qd3+ {[%emt 0:00:33]} 99. Kf4 {[%emt 0:00:30]} Qd4+ {[%emt 0:00:14]} 100. Kf3 {[%emt 0:00:13]} Qd1+ {[%emt 0:00:04]} 101. Kf4 {[%emt 0:00:24]} Qd4+ {[%emt 0:00:12]} 1/2-1/2

[Event "SRB-ch Semifinal 2022"]
[Site "Paracin"]
[Date "2022.03.21"]
[Round "7.3"]
[White "Perunovic, Miodrag"]
[Black "Martic, Ivan"]
[Result "1/2-1/2"]
[WhiteElo "2413"]
[BlackElo "2287"]
[Annotator "NA"]
[PlyCount "137"]
[EventDate "2022.03.17"]
[EventType "swiss"]
[EventCountry "SRB"]
[SourceTitle "playchess.com"]
[Source "ChessBase"]
[SourceQuality "1"]
[TimeControl "40/5400+30:1800+30"]

1. e4 {[%emt 0:02:41]} e5 {[%emt 0:00:12]} 2. Bc4 {[%emt 0:00:40]} Nf6 {[%emt 0:00:12]} 3. d3 {[%emt 0:00:02]} Nc6 {[%emt 0:01:52]} 4. Nc3 {[%emt 0:00:03]} Na5 {[%emt 0:03:06]} 5. Bb3 {[%emt 0:00:02]} Bc5 {[%emt 0:04:39]} 6. Nf3 {[%emt 0:01:50]} d6 {[%emt 0:04:24]} 7. h3 {[%emt 1:28:42]} Nxb3 {[%emt 0:05:37]} 8. axb3 {[%emt 0:00:00]} a6 {[%emt 0:00:46]} 9. O-O {[%emt 0:00:00]} h6 {[%emt 0:05:47]} 10. Be3 {[%emt 0:00:00]} Bxe3 {[%emt 0:05:18]} 11. fxe3 {[%emt 0:00:00]} O-O {[%emt 0:00:23]} 12. Qe1 {[%emt 0:00:00]} c6 $11 {[%emt 0:05:44]} 13. Qg3 {[%emt 0:00:00]} Nh5 {[%emt 0:14:05]} 14. Qh2 {[%emt 0:00:00]} Nf6 {[%emt 0:03:09]} 15. Rf2 {[%emt 0:00:00]} Qe7 {[%emt 0:04:34]} 16. Raf1 {[%emt 0:00:00]} Bd7 {[%emt 0:03:16]} 17. Ne2 {[%emt 0:00:00]} Rae8 {[%emt 0:05:14]} 18. g4 {[%emt 0:00:00]} d5 {[%emt 0:00:40]} 19. g5 {[%emt 0:00:00]} hxg5 {[%emt 0:05:17]} 20. Rg2 {[%emt 0:00:00]} Nh7 {[%emt 0:02:26]} 21. Nc3 {[%emt 0:00:00]} dxe4 {[%emt 0:01:06]} 22. Nxe4 {[%emt 0:00:00]} f6 {[%emt 0:00:37]} 23. Qg3 {[%emt 0:00:00]} Bc8 {[%emt 0:01:04]} 24. Nh2 {[%emt 0:00:00]} f5 {[%emt 0:04:03]} 25. Nxg5 {[%emt 0:00:00]} f4 {[%emt 0:01:00]} 26. exf4 {[%emt 0:00:00]} exf4 {[%emt 0:01:21]} 27. Rxf4 {[%emt 0:06:33]} Rxf4 {[%emt 0:13:30]} 28. Qxf4 {[%emt 0:00:02]} Qc5+ {[%emt 0:00:57]} 29. Qf2 {[%emt 0:02:17]} Qxf2+ {[%emt 0:01:46]} 30. Kxf2 {[%emt 0:00:03]} Nxg5 {[%emt 0:00:13]} 31. Rxg5 {[%emt 0:00:01]} Bxh3 {[%emt 0:00:08]} 32. Nf3 {[%emt 0:00:10]} Re7 {[%emt 0:01:26]} 33. b4 {[%emt 0:00:08]} Bd7 {[%emt 0:00:31]} 34. Ne5 {[%emt 0:00:19]} Be6 {[%emt 0:00:48]} 35. Ke3 {[%emt 0:00:13]} Bd7 {[%emt 0:00:27]} 36. Kd4 {[%emt 0:00:02]} Be8 {[%emt 0:00:27]} 37. Kc5 {[%emt 0:00:09]} Re6 {[%emt 0:00:26]} 38. Kb6 {[%emt 0:01:06]} Re7 {[%emt 0:00:04]} 39. d4 {[%emt 0:00:12]} Kh7 {[%emt 0:00:10]} 40. Rg2 {[%emt 0:00:45]} Kh6 {[%emt 0:00:40]} 41. Nc4 {[%emt 0:30:27]} g5 {[%emt 0:06:02]} 42. Nd6 {[%emt 0:00:00]} Bg6 {[%emt 0:00:07]} 43. Nxb7 {[%emt 0:00:00]} Kh5 {[%emt 0:02:22]} 44. Nd6 {[%emt 0:00:00]} g4 {[%emt 0:02:32]} 45. Nc4 {[%emt 0:00:00]} Be4 {[%emt 0:02:16]} 46. Rg1 {[%emt 0:00:00]} Rg7 {[%emt 0:08:08]} 47. Ne3 {[%emt 0:00:00]} g3 {[%emt 0:00:10]} 48. c4 {[%emt 0:00:00]} Kh4 {[%emt 0:01:07]} 49. Kxa6 {[%emt 0:00:00]} Kh3 {[%emt 0:02:07]} 50. Re1 {[%emt 0:01:48]} Bf3 {[%emt 0:03:37]} 51. Rf1 {[%emt 0:01:29]} Rf7 {[%emt 0:00:27]} 52. Kb6 {[%emt 0:01:09]} g2 {[%emt 0:02:53]} 53. Nxg2 {[%emt 0:02:38]} Kxg2 {[%emt 0:00:05]} 54. Re1 {[%emt 0:00:09]} Kf2 {[%emt 0:00:42]} 55. Re5 {[%emt 0:00:01]} Rd7 {[%emt 0:01:24]} 56. Kc5 {[%emt 0:00:13]} Ra7 {[%emt 0:00:29]} 57. b5 {[%emt 0:02:54]} cxb5 {[%emt 0:00:05]} 58. cxb5 {[%emt 0:00:12]} Rc7+ {[%emt 0:01:10]} 59. Kb6 {[%emt 0:00:26]} Rc2 {[%emt 0:01:23]} 60. b4 {[%emt 0:00:02]} Rc4 {[%emt 0:00:34]} 61. d5 {[%emt 0:00:01]} Rxb4 {[%emt 0:00:28]} 62. d6 {[%emt 0:00:34]} Rd4 {[%emt 0:01:21]} 63. Kc5 {[%emt 0:00:52]} Rd1 {[%emt 0:00:10]} 64. b6 {[%emt 0:00:59]} Rc1+ {[%emt 0:00:25]} 65. Kb5 {[%emt 0:00:09]} Rb1+ {[%emt 0:01:09]} 66. Ka5 {[%emt 0:01:15]} Ra1+ {[%emt 0:00:48]} 67. Kb5 {[%emt 0:00:34]} Rb1+ {[%emt 0:00:14]} 68. Kc5 {[%emt 0:00:45]} Rc1+ {[%emt 0:00:40]} 69. Kb5 {[%emt 0:00:13]} 1/2-1/2

[Event "SRB-ch Semifinal 2022"]
[Site "Paracin"]
[Date "2022.03.21"]
[Round "7.4"]
[White "Ratkovic, Milovan"]
[Black "Stankovic, Milos"]
[Result "1/2-1/2"]
[WhiteElo "2440"]
[BlackElo "2412"]
[Annotator "TA"]
[PlyCount "36"]
[EventDate "2022.03.17"]
[EventType "swiss"]
[EventCountry "SRB"]
[SourceTitle "playchess.com"]
[Source "ChessBase"]
[SourceQuality "1"]

{[%evp 12,23,0,-1,0,0,0,0,0,0,6,7,0,14]} 1. d4 d5 2. c4 e6 3. Nc3 Nf6 4. Nf3 Be7 5. e3 O-O 6. Qc2 b6 7. b3 {The position is equal.} Bb7 {D37: Queen's Gambit Declined: 5 Bf4.} 8. Bb2 Nbd7 9. Be2 a6 10. O-O Bd6 11. Rfd1 Qe7 12. Rac1 {[#] An uneventful encounter.  Weighted Error Value: White=0.00 (flawless) /Black=0.01 (flawless)} {Predecessor:} Rac8 $146 13. Qb1 Rfe8 14. Nd2 c5 15. dxc5 bxc5 16. Na4 Bb8 17. Qa1 Red8 18. Bf3 Bc6 {0-1 (47) L'Ami,A (2297)-Javakhishvili,L (2471) Rungis 2018} 1/2-1/2

[Event "SRB-ch Semifinal 2022"]
[Site "Paracin"]
[Date "2022.03.21"]
[Round "7.5"]
[White "Tadic, Stefan"]
[Black "Kojovic, Dragan"]
[Result "1-0"]
[WhiteElo "2336"]
[BlackElo "2298"]
[Annotator "NA"]
[PlyCount "65"]
[EventDate "2022.03.17"]
[EventType "swiss"]
[EventCountry "SRB"]
[SourceTitle "playchess.com"]
[Source "ChessBase"]
[SourceQuality "1"]
[TimeControl "40/5400+30:1800+30"]

1. e4 {[%emt 0:00:04]} c6 {[%emt 0:02:50]} 2. d4 {[%emt 0:00:22]} d5 {[%emt 0:00:08]} 3. e5 {[%emt 0:00:56]} Bf5 {[%emt 0:00:12]} 4. h4 {[%emt 0:01:08]} h5 {[%emt 0:00:27]} 5. c4 {[%emt 0:00:40]} e6 {[%emt 0:01:07]} 6. Nc3 {[%emt 0:00:06]} Nd7 {[%emt 0:01:40]} 7. Nge2 {[%emt 0:00:20]} Ne7 {[%emt 0:02:53]} 8. Ng3 {[%emt 0:00:30]} Bg6 {[%emt 0:00:24]} 9. Bg5 {[%emt 0:07:20]} Qb6 {[%emt 0:05:16]} 10. Qd2 {[%emt 0:06:53]} (10. Na4 $5 {[%cal Ra4b6]} Qa5+ 11. Bd2 $11) 10... Nf5 {[%emt 0:05:55] [#]} (10... dxc4 $11 11. Bxc4 Rd8) 11. Nxf5 $1 {[%emt 0:07:53]} Bxf5 {[%emt 0:00:56]} 12. cxd5 {[%emt 0:08:36]} cxd5 {[%emt 0:02:13]} 13. Rc1 {[%emt 0:07:10]} a6 $16 {[%emt 0:08:40]} 14. Be2 {[%emt 0:11:17]} f6 {[%emt 0:15:12]} 15. exf6 {[%emt 0:03:54]} gxf6 {[%emt 0:00:23]} 16. Bf4 {[%emt 0:00:34]} Kf7 {[%emt 0:22:56]} 17. O-O {[%emt 0:01:55]} Qa5 {[%emt 0:07:09]} 18. Qd1 {[%emt 0:05:07]} Bh6 {[%emt 0:10:20]} 19. Bxh6 {[%emt 0:05:57]} Rxh6 {[%emt 0:00:05]} 20. Bf3 {[%emt 0:07:48]} Rhh8 {[%emt 0:03:56]} 21. g3 {[%emt 0:00:36]} Qb4 {[%emt 0:02:43]} 22. Re1 {[%emt 0:02:09]} Qd6 {[%emt 0:00:45]} 23. Bxh5+ {[%emt 0:02:39]} Ke7 {[%emt 0:00:01]} 24. Qf3 {[%emt 0:01:33]} Kd8 {[%emt 0:01:17]} 25. Bg4 {[%emt 0:00:31]} Bxg4 {[%emt 0:00:40]} 26. Qxg4 {[%emt 0:00:01]} Re8 {[%emt 0:01:30]} 27. Qg6 {[%emt 0:07:11]} f5 {[%emt 0:01:02]} 28. Qg5+ {[%emt 0:00:47]} Re7 {[%emt 0:00:30]} 29. Ne2 {[%emt 0:01:28]} Nf8 {[%emt 0:00:24]} 30. Nf4 {[%emt 0:00:15]} Kd7 {[%emt 0:00:11]} 31. Nd3 {[%emt 0:00:22]} b6 {[%emt 0:03:17]} 32. Ne5+ {[%emt 0:00:08]} Ke8 {[%emt 0:00:15]} 33. Qh5+ {[%emt 0:03:18]} 1-0

[Event "SRB-ch Semifinal 2022"]
[Site "Paracin"]
[Date "2022.03.21"]
[Round "7.6"]
[White "Poleksic, Dusan"]
[Black "Milosevic, Milos"]
[Result "1-0"]
[WhiteElo "2083"]
[BlackElo "2296"]
[Annotator "NA"]
[PlyCount "111"]
[EventDate "2022.03.17"]
[EventType "swiss"]
[EventCountry "SRB"]
[SourceTitle "playchess.com"]
[Source "ChessBase"]
[SourceQuality "1"]
[TimeControl "40/5400+30:1800+30"]

1. d4 {[%emt 0:00:07]} Nf6 {[%emt 0:00:03]} 2. c4 {[%emt 0:00:11]} e6 {[%emt 0:00:13]} 3. Nc3 {[%emt 0:00:09]} Bb4 {[%emt 0:00:03]} 4. f3 {[%emt 0:00:04]} c5 {[%emt 0:00:17]} 5. a3 {[%emt 0:00:05]} Bxc3+ {[%emt 0:00:04]} 6. bxc3 {[%emt 0:00:04]} d6 {[%emt 0:00:07]} 7. e4 {[%emt 0:00:47]} Nc6 {[%emt 0:00:04]} 8. Be3 {[%emt 0:01:39]} Qa5 {[%emt 0:00:26]} 9. Qd2 {[%emt 0:07:38]} O-O {[%emt 0:08:06]} 10. d5 {[%emt 0:03:48]} Ne5 {[%emt 0:01:22]} 11. Bg5 {[%emt 0:00:57]} Ned7 {[%emt 0:12:51]} 12. h4 {[%emt 0:06:19]} Re8 {[%emt 0:01:06]} (12... h6 $142) 13. Ne2 {[%emt 0:09:20]} exd5 {[%emt 0:09:25]} 14. cxd5 $11 {[%emt 0:00:37]} c4 {[%emt 0:03:06]} 15. Nf4 {[%emt 0:10:29]} Nxe4 {[%emt 0:13:46]} 16. fxe4 {[%emt 0:00:28]} Nc5 {[%emt 0:00:07]} 17. Be2 {[%emt 0:06:56]} Nxe4 {[%emt 0:12:25]} 18. Qd4 {[%emt 0:00:54]} Ng3 {[%emt 0:10:17]} 19. Kf2 {[%emt 0:03:30]} Nf5 {[%emt 0:00:39]} 20. Qxc4 {[%emt 0:13:25]} Qb6+ {[%emt 0:00:18]} 21. Ke1 {[%emt 0:00:56]} Ng3 {[%emt 0:01:48]} 22. Rf1 {[%emt 0:03:44]} Bg4 {[%emt 0:05:28]} 23. Rf2 {[%emt 0:03:16]} Ne4 {[%emt 0:00:26]} 24. Qd4 {[%emt 0:02:45]} Qb2 {[%emt 0:05:48]} 25. Rd1 {[%emt 0:00:15]} Nxf2 {[%emt 0:01:07]} 26. Rd2 {[%emt 0:00:00]} Qxa3 {[%emt 0:04:56]} 27. Kxf2 {[%emt 0:00:32]} Bxe2 {[%emt 0:00:59]} 28. Nxe2 {[%emt 0:05:17]} Rac8 {[%emt 0:00:36]} 29. Rd3 {[%emt 0:06:56]} Qa2 {[%emt 0:01:04]} 30. Re3 {[%emt 0:00:01]} Rxe3 {[%emt 0:00:45]} 31. Bxe3 {[%emt 0:00:32]} Re8 {[%emt 0:03:00]} 32. Kf3 {[%emt 0:02:35]} b6 {[%emt 0:00:56]} 33. Nf4 {[%emt 0:01:29]} Re5 {[%emt 0:02:19]} 34. Qd3 {[%emt 0:02:21]} Qa1 {[%emt 0:02:00]} 35. c4 {[%emt 0:05:15]} Qh1 {[%emt 0:00:08]} 36. Nh3 {[%emt 0:00:56]} Re7 {[%emt 0:01:27]} 37. Bg1 {[%emt 0:00:28]} Re1 {[%emt 0:00:38]} 38. Qd4 {[%emt 0:00:56]} Rf1+ {[%emt 0:00:28]} 39. Kg3 {[%emt 0:01:05]} h6 {[%emt 0:00:39]} 40. Qe3 {[%emt 0:01:09]} Rf6 {[%emt 0:00:39]} 41. h5 {[%emt 0:32:11]} Kf8 {[%emt 0:30:26]} 42. Qa3 {[%emt 0:00:00]} a5 {[%emt 0:00:00]} 43. Qb2 {[%emt 0:00:00]} Kg8 {[%emt 0:00:00]} 44. Qxb6 {[%emt 0:00:00]} a4 {[%emt 0:00:00]} 45. Qe3 {[%emt 0:00:00]} Kh7 {[%emt 0:00:00]} 46. c5 {[%emt 0:00:00]} dxc5 {[%emt 0:00:00]} 47. Qxc5 {[%emt 0:03:54]} g6 {[%emt 0:00:00]} 48. Qe7 {[%emt 0:00:00]} Rf5 {[%emt 0:00:00]} 49. hxg6+ {[%emt 0:00:00]} Kxg6 {[%emt 0:00:00]} 50. d6 {[%emt 0:00:00]} a3 {[%emt 0:00:00]} 51. d7 {[%emt 0:00:00]} a2 {[%emt 0:00:00]} 52. Qd6+ {[%emt 0:00:00]} Kh7 {[%emt 0:00:00]} 53. Qd4 {[%emt 0:00:00]} a1=Q {[%emt 0:00:00]} 54. Qxa1 {[%emt 0:00:00]} Rd5 {[%emt 0:00:00]} 55. Qf1 {[%emt 0:00:00]} Kg8 {[%emt 0:00:00]} 56. Qc4 {[%emt 0:00:00]} 1-0

[Event "SRB-ch Semifinal 2022"]
[Site "Paracin"]
[Date "2022.03.21"]
[Round "7.7"]
[White "Gajcin, Marina"]
[Black "Cabarkapa, Novak"]
[Result "1-0"]
[WhiteElo "2254"]
[BlackElo "2483"]
[Annotator "TA"]
[PlyCount "61"]
[EventDate "2022.03.17"]
[EventType "swiss"]
[EventCountry "SRB"]
[SourceTitle "playchess.com"]
[Source "ChessBase"]
[SourceQuality "1"]

{[%evp 9,61,16,20,0,-17,-16,0,-1,0,0,0,0,0,18,14,0,0,0,0,-31,77,75,95,85,106,116,110,79,94,77,85,77,106,100,126,112,116,116,170,151,146,101,137,93,103,98,83,62,170,110,325,310,260,258]} 1. e4 e6 2. d4 d5 3. Nc3 h6 4. Be3 Bb4 5. e5 Ne7 6. a3 {C10: French with 3 Nc3: Unusual Black 3rd moves and 3...dxe4.} Bxc3+ 7. bxc3 Nf5 {[%cal Oc7c5] [#]} 8. Bc1 $146 {The position is equal.} ({Predecessor:} 8. Nf3 Nxe3 9. fxe3 b6 10. Bd3 Ba6 11. O-O O-O 12. Rf2 c5 13. Bxa6 Nxa6 14. Qe2 {0-1 (35) Lagunes,J (2089)-Picard,C (2183) France 2011}) 8... b6 9. a4 Ba6 10. Bxa6 Nxa6 11. Ne2 Nb8 12. Nf4 (12. Ng3 $11) 12... g6 $15 13. O-O {[%cal Oc3c4]} Nc6 14. c4 Nfe7 (14... Ncxd4 15. cxd5 (15. g4 Nh4 $17) 15... exd5 16. c3 $16) (14... Nfxd4 15. c3 $16) (14... dxc4 $15 15. d5 exd5) 15. cxd5 $16 {White is more active.} Nxd5 {[#]} 16. Ne2 Qd7 17. c4 Nde7 18. Bb2 {[%cal Od4d5]} Rd8 19. Qb3 Na5 20. Qc2 Qc6 21. Rac1 Nf5 22. Rfd1 {[%cal Od4d5]} O-O 23. Nf4 Kh7 (23... Qe8 $16) 24. d5 exd5 25. Nxd5 {[%cal Oe5e6] Hoping for e6!} ({But not} 25. Rxd5 Rg8 26. h4 Nxh4 $16) ({Much less strong is} 25. cxd5 Qxc2 26. Rxc2 c5 $16) 25... Qe6 26. Nxc7 (26. Qd3 $142) 26... Qxc4 27. Qxc4 Nxc4 {Pair of Knights!} 28. Bc3 Ng7 (28... g5 $14) 29. Nd5 (29. Bd4 $18) 29... Rc8 {[#]} (29... a5 $16) 30. Bb4 $18 Rfd8 31. Be7 {Weighted Error Value: White=0.07 (flawless) /Black=0.27 (precise)} ({Not} 31. Nf6+ Kh8 $14) 1-0

[Event "SRB-ch Semifinal 2022"]
[Site "Paracin"]
[Date "2022.03.21"]
[Round "7.8"]
[White "Zajic, Milan"]
[Black "Velikic, Adela"]
[Result "1/2-1/2"]
[WhiteElo "2450"]
[BlackElo "2258"]
[Annotator "TA"]
[PlyCount "94"]
[EventDate "2022.03.17"]
[EventType "swiss"]
[EventCountry "SRB"]
[SourceTitle "playchess.com"]
[Source "ChessBase"]
[SourceQuality "1"]

{[%evp 9,94,25,22,20,24,23,19,16,16,19,19,24,31,27,24,19,30,31,40,14,7,18,24,-20,0,0,50,-54,-55,-45,-37,-89,-79,-129,-59,-51,-66,-60,-53,-73,-57,-64,-20,-17,-37,-43,-14,-35,0,-24,0,0,0,0,0,-19,0,0,0,0,0,0,0,0,0,0,0,0,29,0,0,0,0,0,0,0,0,0,0,0,0,0,0,0,0,0,0]} 1. e4 c5 2. Nf3 d6 3. c3 Nf6 4. h3 Nbd7 5. Bd3 e6 6. O-O {B50: Sicilian: 2...d6, Miscellaneous.} Be7 7. Bc2 b6 8. d4 Bb7 9. Re1 O-O 10. Nbd2 cxd4 11. cxd4 Rc8 12. Bd3 e5 13. d5 {[#]} Nc5 $146 ({Predecessor:} 13... Nh5 14. Nc4 g6 15. Bh6 Ng7 16. Ne3 Nc5 17. Bc2 a5 18. b3 Qd7 19. g4 f6 {1-0 (39) Karagiannis,A (2343)-Papadakis,M (2063) Athens 2004}) 14. Bf1 a5 15. b3 Ne8 16. Rb1 (16. a3 {should be considered.}) 16... f5 17. exf5 $1 Nc7 (17... Bxd5 $11 18. Bc4 Bxc4 19. bxc4 (19. Nxc4 e4 $11) 19... Rxf5) 18. Ne4 (18. Nc4 $1 $14) 18... Nxe4 $15 ({But not} 18... Rxf5 19. Nxc5 bxc5 20. Bc4 $11) ({Much weaker is} 18... Bxd5 19. Bc4 Bxc4 20. bxc4 $11) 19. Rxe4 Kh8 $36 {[%mdl 2048] Black is pushing.} ({Don't play} 19... Bxd5 20. Bc4 Bf7 21. Bxf7+ Rxf7 22. Qd3 $14) 20. Rg4 ({White should try} 20. Rc4 $15) 20... Nxd5 $17 {Strongly threatening ...Nc3.} 21. Bd2 (21. Rb2 $142) 21... Nf6 (21... Qd7 $17 22. Rc1 Rxc1 23. Bxc1 Qxf5) 22. Rc4 $15 Be4 23. Rbc1 Rxc4 24. Bxc4 Bxf5 25. Qe2 Ne4 (25... h6 $15) 26. Bd5 $11 Nc5 27. Be3 Qd7 28. Rd1 Qc7 29. Rc1 Bg6 30. a3 {[#] Threatens to win with b4.} Qd8 31. Rd1 Qb8 32. b4 axb4 33. axb4 Na4 {[#] aiming for ...Nc3.} 34. Rc1 {Inhibits Nc3.} Rc8 35. Bc6 Be8 36. Bxe8 Rxc1+ 37. Bxc1 Qxe8 38. Qc4 Bf6 39. Ng5 {Nf7+ is the strong threat.} Bxg5 {The position is equal.} 40. Bxg5 {[%cal Og5e7]} h6 41. Be3 b5 42. Qd5 Qb8 43. Qe6 Nc3 44. Bxh6 Ne2+ 45. Kf1 Nd4 46. Qf7 {[%csl Gh6][%cal Rf7g7]} gxh6 47. Qf6+ Kh7 {Weighted Error Value: White=0.12 (very precise) /Black=0.09 (flawless)} 1/2-1/2